[Event "Tenerife-chT Primera"]
[Site "Tenerife"]
[Date "2023.03.11"]
[Round "7.2"]
[White "Diaz Reyes, Franklin"]
[Black "Lozano Marques, Manuel"]
[Result "1-0"]
[WhiteElo "1865"]
[BlackElo "1475"]
[PlyCount "39"]
[EventDate "2023.01.14"]
[EventType "team-tourn"]
[EventRounds "14"]
[EventCountry "ESP"]
[SourceTitle "EXT 2024"]
[Source "ChessBase"]
[SourceDate "2023.10.10"]
[SourceVersion "1"]
[SourceVersionDate "2023.10.10"]
[SourceQuality "1"]
[WhiteTeam "Fundacion La Caja de Canarias"]
[BlackTeam "Caissa Enroque II"]
[WhiteTeamCountry "ESP"]
[BlackTeamCountry "ESP"]

1. e4 c5 2. Nf3 d6 3. d4 cxd4 4. Nxd4 Nf6 5. Nc3 Nc6 6. Bc4 e6 7. 0-0 Be7 8. Be3 a6 9. f4 0-0 10. Qf3 Qc7 11. Bb3 Na5 12. f5 e5 13. Nde2 Nxb3 14. axb3 b5 15. g4 Bb7 16. g5 Nd7 17. Qh5 Kh8 18. Rf3 g6 19. Qh6 Rfe8 20. Rh3 1-0

[Event "Santa Cruz Christmas op 32nd"]
[Site "Santa Cruz"]
[Date "2022.12.29"]
[Round "9"]
[White "Lozano Marques, Manuel"]
[Black "Diaz Reyes, Franklin"]
[Result "0-1"]
[WhiteElo "1475"]
[BlackElo "1865"]
[PlyCount "94"]
[EventDate "2022.12.15"]
[EventType "swiss"]
[EventRounds "9"]
[EventCountry "ESP"]
[SourceTitle "EXT 2024"]
[Source "ChessBase"]
[SourceDate "2023.10.10"]
[SourceVersion "1"]
[SourceVersionDate "2023.10.10"]
[SourceQuality "1"]

1. c4 e6 2. g3 d5 3. Bg2 Nf6 4. Nf3 Be7 5. 0-0 0-0 6. cxd5 exd5 7. d3 c6 8. b3 h6 9. Bb2 Bf5 10. Nbd2 Re8 11. a3 Nbd7 12. Re1 Bc5 13. Nd4 Bg6 14. N2f3 a5 15. Nh4 Bh5 16. Rc1 Qb6 17. Rxc5 Nxc5 18. h3 Qc7 19. Qc2 Ncd7 20. Qc3 Rac8 21. g4 Bxg4 22. hxg4 Nxg4 23. Nhf3 f6 24. Nf5 Nde5 25. Nxe5 Rxe5 26. Ng3 Rg5 27. Bc1 Rg6 28. Qd4 Nxf2 29. Qxf2 Qxg3 30. Qxg3 Rxg3 31. Kh2 Rg6 32. Bd2 f5 33. Bh3 Rf6 34. Bxa5 g6 35. Bc3 Re6 36. Kg3 Rce8 37. Kf3 Re3+ 38. Kg2 Rxe2+ 39. Rxe2 Rxe2+ 40. Kf3 Ra2 41. Bb4 Rb2 42. Kf4 Rxb3 43. Bf1 Rb1 44. Be2 Kf7 45. Ke5 c5 46. Ba5 b6 47. Bxb6 Rxb6 0-1

[Event "Santa Cruz Christmas op 32nd"]
[Site "Santa Cruz"]
[Date "2022.12.15"]
[Round "1"]
[White "Baez Ferrer, Nestor"]
[Black "Diaz Reyes, Franklin"]
[Result "0-1"]
[WhiteElo "1143"]
[BlackElo "1865"]
[PlyCount "78"]
[EventDate "2022.12.15"]
[EventType "swiss"]
[EventRounds "9"]
[EventCountry "ESP"]
[SourceTitle "EXT 2024"]
[Source "ChessBase"]
[SourceDate "2023.10.10"]
[SourceVersion "1"]
[SourceVersionDate "2023.10.10"]
[SourceQuality "1"]

1. e4 e6 2. Nf3 d5 3. Nc3 Nf6 4. e5 Nfd7 5. d4 c5 6. dxc5 Bxc5 7. Bd3 Nc6 8. Bf4 a6 9. 0-0 Qc7 10. Qe2 Nd4 11. Qd1 Nxf3+ 12. Qxf3 Bd4 13. Nxd5 exd5 14. e6 Ne5 15. exf7+ Qxf7 16. Rfe1 Bxb2 17. Bxe5 Bxe5 18. Rxe5+ Kf8 19. Qxd5 Qxd5 20. Rxd5 Be6 21. Re5 Kf7 22. f4 Rac8 23. Rae1 Bxa2 24. Re7+ Kf6 25. Rxb7 Bc4 26. Rb6+ Kf7 27. Bxc4+ Rxc4 28. Rxa6 Rxc2 29. h4 Rb8 30. g4 h6 31. Ra7+ Kg8 32. Rae7 Rbb2 33. Ra1 Rg2+ 34. Kf1 Rh2 35. Kg1 Rxh4 36. g5 Rg4+ 37. Kh1 hxg5 38. fxg5 Rxg5 39. Rg1 Rh5# 0-1

[Event "Santa Cruz de Tenerife op 31st"]
[Site "Santa Cruz de Tenerife"]
[Date "2021.12.21"]
[Round "5"]
[White "Diaz Reyes, Franklin"]
[Black "Garcia Lorenzo, Jaime"]
[Result "1-0"]
[WhiteElo "1839"]
[BlackElo "1250"]
[PlyCount "61"]
[EventDate "2021.12.14"]
[EventType "swiss"]
[EventRounds "9"]
[EventCountry "ESP"]
[SourceTitle "CBM 206 Extra"]
[Source "ChessBase"]
[SourceDate "2022.03.31"]
[SourceVersion "1"]
[SourceVersionDate "2022.03.31"]
[SourceQuality "1"]

1. e4 c6 2. d4 d5 3. exd5 cxd5 4. c4 Nf6 5. Nc3 e6 6. Nf3 Nc6 7. Bd3 dxc4 8. Bxc4 Bb4 9. 0-0 0-0 10. a3 Be7 11. Bf4 a6 12. Qd2 b5 13. Bd3 Bb7 14. Rac1 Bd6 15. Bg5 Be7 16. Rfd1 Rc8 17. Bb1 Na5 18. Qd3 g6 19. Ne5 Nc6 20. Qg3 Nh5 21. Bxe7 Qxe7 22. Qe3 Nxe5 23. dxe5 Ng7 24. Be4 Bxe4 25. Nxe4 Nf5 26. Qf4 Rfd8 27. Rxd8+ Qxd8 28. Rxc8 Qxc8 29. g4 Ne7 30. Qh6 Qf8 31. Nf6+ 1-0

[Event "San Cristobal op 3rd"]
[Site "San Cristobal de la Laguna"]
[Date "2021.08.28"]
[Round "1"]
[White "Diaz Reyes, Franklin"]
[Black "Cuenca Jimenez, Jose Fernando"]
[Result "0-1"]
[WhiteElo "1831"]
[BlackElo "2555"]
[PlyCount "64"]
[EventDate "2021.08.28"]
[EventType "swiss"]
[EventRounds "9"]
[EventCountry "ESP"]
[SourceTitle "CBM 204 Extra"]
[Source "ChessBase"]
[SourceDate "2021.11.30"]
[SourceVersion "1"]
[SourceVersionDate "2021.11.30"]
[SourceQuality "1"]

1. e4 d6 2. d4 Nf6 3. Nc3 e5 4. dxe5 dxe5 5. Qxd8+ Kxd8 6. Bg5 Be6 7. Nf3 Nbd7 8. 0-0-0 Kc8 9. a3 c6 10. Nd2 Ng4 11. Bh4 Bc5 12. f3 Bf2 13. fxg4 Bxh4 14. h3 b5 15. Nf3 Be7 16. Be2 f6 17. Nh4 g6 18. Rhf1 a5 19. g3 Nc5 20. Bf3 b4 21. Nb1 Rb8 22. axb4 Rxb4 23. Rfe1 Kc7 24. Nd2 Rhb8 25. b3 a4 26. bxa4 Nxa4 27. Re3 Bc5 28. Ra3 Bd4 29. Rxa4 Rxa4 30. Nb3 Bxb3 31. cxb3 Rxb3 32. Kd2 g5 0-1

[Event "ESP-ch U16"]
[Site "Salobrena"]
[Date "2021.07.19"]
[Round "2"]
[White "Diaz Reyes, Franklin"]
[Black "Maldonado Mena, German"]
[Result "0-1"]
[WhiteElo "1793"]
[BlackElo "2015"]
[PlyCount "138"]
[EventDate "2021.07.19"]
[EventType "swiss"]
[EventRounds "9"]
[EventCountry "ESP"]
[SourceTitle "EXT 2022"]
[Source "ChessBase"]
[SourceDate "2021.10.06"]
[SourceVersion "1"]
[SourceVersionDate "2021.10.06"]
[SourceQuality "1"]

1. e4 c5 2. Nf3 Nc6 3. d4 cxd4 4. Nxd4 Nf6 5. Nc3 d6 6. Bc4 e6 7. 0-0 a6 8. Bb3 Na5 9. Be3 b5 10. f3 Bd7 11. Qd2 Be7 12. Qf2 Rb8 13. Qg3 g6 14. Rad1 b4 15. Na4 e5 16. Ne2 Nxb3 17. axb3 0-0 18. Qf2 Qc7 19. Rd2 Be6 20. Nb6 Rfd8 21. Ra1 Qb7 22. Rad1 d5 23. exd5 Nxd5 24. Nxd5 Rxd5 25. Rxd5 Bxd5 26. Bc5 Bf6 27. Ng3 Bg7 28. Bd6 Rd8 29. Qc5 Be6 30. Rd2 f5 31. Qxb4 Qd7 32. Qb6 Qc8 33. c4 Bh6 34. Re2 Qd7 35. c5 e4 36. fxe4 f4 37. Nf1 Bg4 38. Rd2 Qe8 39. Qxa6 f3 40. Qc4+ Be6 41. Rd5 Qf7 42. Qd4 Bxd5 43. Qxd5 f2+ 44. Kh1 Bg7 45. b4 Bf8 46. Qxf7+ Kxf7 47. e5 Bxd6 48. exd6 Ke6 49. g4 Rb8 50. Kg2 Rxb4 51. Kxf2 Rxb2+ 52. Kg3 Rc2 53. h3 Rxc5 54. Nd2 Rc3+ 55. Kh4 h6 56. Ne4 Re3 57. d7 Kxd7 58. Nf6+ Ke6 59. Ng8 g5+ 60. Kh5 Rxh3+ 61. Kg6 h5 62. Nf6 h4 63. Kxg5 Rf3 64. Ne4 h3 65. Kg6 h2 66. Ng5+ Ke7 67. Nxf3 h1Q 68. Ng5 Qb1+ 69. Kg7 Qg1 0-1

[Event "Tenerife-chT Preferente"]
[Site "Tenerife"]
[Date "2021.03.13"]
[Round "3.4"]
[White "Oudeh Mishmesh, Omar"]
[Black "Diaz Reyes, Franklin"]
[Result "1/2-1/2"]
[WhiteElo "1918"]
[BlackElo "1810"]
[PlyCount "40"]
[EventDate "2021.02.27"]
[EventType "team-tourn"]
[EventRounds "14"]
[EventCountry "ESP"]
[SourceTitle "EXT 2023"]
[Source "ChessBase"]
[SourceDate "2022.10.05"]
[SourceVersion "1"]
[SourceVersionDate "2022.10.05"]
[SourceQuality "1"]
[WhiteTeam "Al Shah Mat Los Realejos"]
[BlackTeam "Fundacion La Caja de Canarias"]
[WhiteTeamCountry "ESP"]
[BlackTeamCountry "ESP"]

1. c4 e6 2. Nc3 d5 3. cxd5 exd5 4. d4 Be7 5. Bf4 c6 6. e3 Bf5 7. Bd3 Bxd3 8. Qxd3 Nf6 9. h3 Nbd7 10. Nf3 0-0 11. 0-0 Re8 12. Nd2 Nf8 13. a3 a5 14. Rfb1 Ne6 15. Bh2 Bd6 16. Bxd6 Qxd6 17. Nf3 Nf8 18. Ne5 N6d7 19. Nf3 Nf6 20. Ne5 N6d7 1/2-1/2